000 00526nam a2200193Ia 4500
003 OSt
005 20200729104612.0
008 190216s9999||||xx |||||||||||||| ||und||
020 _a9788173194948
040 _coclc
082 _a515.9
_bKAR/C
100 _aKarunakaran, V
_93833
245 0 _aComplex Analysis /
_cV Karunakaran
250 _a2nd Ed.
260 _bNarosa Pubs House,
_aNew Delhi:
_c2006.
300 _a427p
650 _aMathematics
942 _cBK
_2ddc
_h515.9
_iKAR/C
_k515.9
_mKAR/C
999 _c32010
_d32010